Name a Song from each Queen Album - Statistics

General Stats
  • This quiz has been taken 111 times
  • The average score is 13 of 15
Answer Stats
Album Songs % Correct
A Night At The Opera
98%
A Kind Of Magic
95%
Innuendo
93%
News Of The World
92%
Jazz
92%
Sheer Heart Attack
90%
Queen
89%
Hot Space
87%
The Miracle
87%
The Works
86%
A Day At The Races
85%
The Game
85%
Made In Heaven
85%
Queen II
84%
Flash Gordon
73%
No matching quizzes found
Score Distribution
Percent of People with Each Score
Percentile by Number Answered
Your Score History
You have not taken this quiz